000 01327nam a22003134a 4500
001 526
003 BR-RjBN
005 20260525085916.0
008 980101s1998 rj 000 f por d
020 _a8574020338
040 _bpor
_aBR-IBIA
_cBR-IBIA
_erda
041 1 _apor
_hfre
082 _a843
_bB198e
100 1 _aBalzac, Honoré de,
_d1799-1850.
240 1 0 _aEugénie Grandet.
245 1 0 _aEugénie Grandet /
_cHonoré de Balzac ; tradução de Moacyr Werneck de Castro.
260 _aRio de Janeiro :
_bEdiouro ;
_aSão Paulo :
_bPublifolha,
_c1998.
300 _a-- p. ;
_c21 cm.
490 1 _aBiblioteca Folha : clássicos da literatura universal
520 _aClássico da literatura francesa, o romance acompanha a vida de Eugénie Grandet, jovem criada em uma família dominada pela avareza do pai, Félix Grandet. Em meio aos conflitos familiares, interesses financeiros e relações sociais da França do século XIX, Balzac constrói uma crítica à ambição e ao materialismo, explorando sentimentos como amor, sacrifício e desilusão.
650 0 _aLiteratura francesa.
_9122
650 0 _aRomance.
650 0 _aCrítica social.
_9514
650 0 _aFamília.
_935
655 0 _aFicção clássica.
655 0 _aFicção.
_922
700 1 _aCastro, Moacyr Werneck de,
_etrad.
942 _2ddc
_n0
_cBK
999 _c526
_d526